1095 1850 1087 1562 1832 1169 1338 1605 1877 1448 1178 1022 1668 1793 1232 1250 1878 1117 1086 1526 1375 1108 1312 1766 1328 1843 1290 1700 1589 1009 1855 1150 1359 1697 1948 1362 1918 1036 1184 1418 1015 1018 1125 1265 1211 1536 1533 1798 1954 1338 1718 1224 1171 1865 1063 1869 1543 1385 1606 1382 1925 1883 1604 1350 1174 1458 1388 1527 1943 1916 1674 1084 1672 1886 1120 1094 1185 1502 1656 1346 1540 1723 1486 1488 1641 1434 1188 1532 1989 1137 1685 1153 1208 1660 1508 1695 1811 1978 1666 BCNSPRNW ULIB Ver.6.0+V

เปลี่ยนเป็นภาษาไทย

Change to English
 แสดงรายละเอียดบรรณานุกรม
  กลับหน้าหลัก

Brief Record : Get Marc (ISO 2709) : E-mail record : QR code < ปิดหน้าต่าง
LEADER : 00000nam 2200000uu 4500
001    13399112329
003     ULIB
008    110627s2554||||th 000 0 tha d
020    9786167479132
090    นว.^bศ699ท 2554
100 0  ศุภมาลย์
245 00 เทพบุตรหัวใจพยัคฆ์/^cศุภมาลย์
260    กรุงเทพฯ :^bไลท์ ออฟ เลิฟ บุ๊คส์,^c2554
300    248 หน้า
710 1  ไลท์ ออฟ เลิฟ บุ๊คส์
945    ^p209^l0^i030396
995    ทศพร
999 ^a ใช้งานได้ทุกระบบ
รายการนี้ยังไม่มีแท็ก
คุณยังไม่ได้ล็อกอิน คุณสามารถมีกิจกรรมร่วมกับเว็บไซต์ได้ แต่ต้องล็อกอินก่อน ::
  ล็อกอิน

รายการสื่อสารสนเทศ

ลำดับที่ ประเภท เลขเรียก/บาร์โค้ด สถานที่ สถานะ
- ไม่พบข้อมูล -

BibComment


ยังไม่เคยถูกคอมเมนท์

คอมเมนท์ทรัพยากรรายการนี้
  คอมเมนท์: เทพบุตรหัวใจพยัคฆ..


 Copyright 2026. Bcnsprnw @Library